|
|
|
|
| LEADER |
00000nam a2200000 a 4500 |
| 001 |
vtls001417342 |
| 003 |
SK-MaSNL |
| 005 |
20260301012655.0 |
| 008 |
251113s1999 FR ac rb 0 fre |
| 020 |
|
|
|a 2867462142
|c [640,00]
|
| 035 |
|
|
|a SNK000372121
|
| 040 |
|
|
|a SNK
|b slo
|c SNK
|e AACR2
|
| 044 |
|
|
|a FR
|
| 080 |
|
|
|a 840-94
|2 1981
|
| 080 |
|
|
|a 791.44.071.2
|2 1981
|
| 100 |
1 |
|
|a Lacouture, Jean,
|d 1921-2015
|4 aut
|9 12438
|
| 245 |
1 |
|
|a Greta Garbo
|b la dame aux caméras
|c Jean Lacouture
|
| 260 |
|
|
|a [Paris]
|b Liana Levi [etc.]
|c c1999
|
| 300 |
|
|
|a 189 s., 23 fot. na príl.
|c 19 cm
|
| 490 |
1 |
|
|a Curriculum
|
| 600 |
1 |
7 |
|a Garbo, Greta,
|d 1905-1990
|2 SNK
|9 85545
|
| 655 |
|
7 |
|a biografie
|2 SNK
|9 27965
|
| 830 |
|
0 |
|a Curriculum
|9 298089
|
| 919 |
|
|
|a 2-86746-214-2
|
| 999 |
|
|
|c 554121
|d 556051
|
| 952 |
|
|
|t P60, <04>, [BOOK], {604}
|a SNK
|b SNK
|y VYP
|7 0
|p 17A0310436
|o snkID 96927
|i snkV 1137/2001
|0 0
|1 0
|4 0
|d 2001-08-02
|l 0
|r 2005-01-02 00:00:00
|w 2026-02-23
|